effect of duration of weed competition on corn (zea mays) yield at royal university of agriculture (ឥទ្ធិពលថេរវេលានៃការប្រណាំងប្រជែងនៃ ស្មៅលើទិន្នផលពោត នៅក្នុងសាកលវិទ្យសាល័យភូមិន្ទកសិកម្ម) (Record no. 643)

000 -LEADER
fixed length control field 00715nam a22001577a 4500
003 - CONTROL NUMBER IDENTIFIER
control field OSt
005 - DATE AND TIME OF LATEST TRANSACTION
control field 20150917112355.0
008 - FIXED-LENGTH DATA ELEMENTS--GENERAL INFORMATION
fixed length control field 150917b xxu||||| |||| 00| 0 eng d
040 ## - CATALOGING SOURCE
Transcribing agency RUA
082 ## - DEWEY DECIMAL CLASSIFICATION NUMBER
Classification number AGR PHA 2005 B030 Or.1
100 ## - MAIN ENTRY--PERSONAL NAME
9 (RLIN) 666
Personal name PHAT, CHANDY.
245 ## - TITLE STATEMENT
Title effect of duration of weed competition on corn (zea mays) yield at royal university of agriculture (ឥទ្ធិពលថេរវេលានៃការប្រណាំងប្រជែងនៃ ស្មៅលើទិន្នផលពោត នៅក្នុងសាកលវិទ្យសាល័យភូមិន្ទកសិកម្ម)
260 ## - PUBLICATION, DISTRIBUTION, ETC. (IMPRINT)
Place of publication, distribution, etc. Phnom Penh
Name of publisher, distributor, etc. RUA
Date of publication, distribution, etc. 2005
300 ## - PHYSICAL DESCRIPTION
Extent 60p.
Other physical details ill.
Dimensions 29cm.
942 ## - ADDED ENTRY ELEMENTS (KOHA)
Source of classification or shelving scheme
Koha item type AGR
Holdings
Price effective from Date last seen Permanent Location Not for loan Date acquired Source of classification or shelving scheme Koha item type Lost status Withdrawn status Date last checked out Total Checkouts Shelving location Damaged status Barcode Current Location Full call number
2015-09-172019-12-09Library Block B 2015-09-17 AGR  2019-11-221B030 RUA002441Library Block BAGR PHA 2005 B030 Or.1
2015-09-172017-10-02Library Block B 2015-09-17 AGR  2017-09-271B030 RUA002370Library Block BAGR PHA 2005 B030 Or.2
មជ្ឈមណ្ឌលឯការនៃសាកលវិទ្យាល័យភូមិន្ទកសិកម្មចំការដូង

Powered by Koha